Statistics for Top 15 Best football teams in Italy

Click here to take the quiz!

General Stats

  • This quiz has been taken 116 times
  • The average score is 11 of 15

Answer Stats

Position Answer % Correct
3AC Milan
98%
1Juventus
96%
2Internazionale
96%
6Lazio Roma
93%
8Napoli
92%
5Fiorentina
85%
7Torino
77%
10Sampdoria
72%
12Genoa
67%
4AS Roma
63%
9Bologna
60%
13Udinese
55%
14Cagliari
54%
15Parma
53%
11Atalanta
50%

Score Distribution

Percentile by Number Answered

Percent of People with Each Score

Your Score History

You have not taken this quiz